000 00464nam a2200169Ia 4500
999 _c23288
_d23288
003 OSt
005 20200213131938.0
008 190216s9999||||xx |||||||||||||| ||und||
040 _coclc
082 _a297
_bALG/I
100 _aAl Gazzali
_91958
245 0 _aIhyasamgraham /
_cAl Gazzali
260 _bBayaniyya Book Stall,
_c2001.
_aMalappuram:
300 _a608p
650 _aIslamic History
942 _cBK
_2ddc
_h297
_iALG/I
_k297
_mALG/I